Ang bagong pluma : (Record no. 5185)

MARC details
000 -LEADER
fixed length control field 00696nam a22001937a 4500
003 - CONTROL NUMBER IDENTIFIER
control field OSt
005 - DATE AND TIME OF LATEST TRANSACTION
control field 20260127013525.0
008 - FIXED-LENGTH DATA ELEMENTS--GENERAL INFORMATION
fixed length control field 251027b |||||||| |||| 00| 0 eng d
020 ## - INTERNATIONAL STANDARD BOOK NUMBER
International Standard Book Number 978-971-06-6084-1
040 ## - CATALOGING SOURCE
Original cataloging agency DWCL-Main Lib
Transcribing agency OC
082 ## - DEWEY DECIMAL CLASSIFICATION NUMBER
Classification number Res. 899.211 B153p 2024
100 ## - MAIN ENTRY--PERSONAL NAME
Personal name Baisa-Julian, Ailene G.
245 ## - TITLE STATEMENT
Title Ang bagong pluma :
Remainder of title literas, nika, at teksto para sa matatag na bukas /
Statement of responsibility, etc. Ailene G. Baisa [and three others]
260 ## - PUBLICATION, DISTRIBUTION, ETC.
Place of publication, distribution, etc. Quezon Avenue, Quezon City:
Name of publisher, distributor, etc. Phoenix Publishing House,
Date of publication, distribution, etc. c2024.
300 ## - PHYSICAL DESCRIPTION
Extent x , 452 pages;
Other physical details illustration;
Dimensions 25 cm.
650 ## - SUBJECT ADDED ENTRY--TOPICAL TERM
Topical term or geographic name entry element 1. Filipino Study
700 ## - ADDED ENTRY--PERSONAL NAME
Personal name I. Carmela Esguerra-Jose, II. Nestor S. Lontoc
942 ## - ADDED ENTRY ELEMENTS (KOHA)
Source of classification or shelving scheme Dewey Decimal Classification
Koha item type Book- Reserved
Call number suffix Res.
Suppress in OPAC No
952 ## - LOCATION AND ITEM INFORMATION (KOHA)
--
952 ## - LOCATION AND ITEM INFORMATION (KOHA)
--
Holdings
Withdrawn status Lost status Source of classification or shelving scheme Damaged status Not for loan Home library Current library Shelving location Date acquired Total Checkouts Full call number Barcode Date last seen Copy number Price effective from Koha item type Uniform Resource Identifier
    Dewey Decimal Classification     Junior High School Library Junior High School Library Reserved 09/11/2024   Res. 899.211 B153p 2024 JHS - 21397 10/27/2025 c2 10/27/2025 BK-0 CIRC
    Dewey Decimal Classification     Junior High School Library Junior High School Library Reserved 09/11/2024   Res. 899.211 B153p 2024 JHS - 21396 10/27/2025 c1 10/27/2025 BK-0 CIRC